Ethnographic fieldwork : a beginner's guide (Record no. 62876)

MARC details
000 -LEADER
fixed length control field 01271nam a2200193 a 4500
008 - FIXED-LENGTH DATA ELEMENTS--GENERAL INFORMATION
fixed length control field 211129s2010 ||||||||||||||||| || u
020 ## - INTERNATIONAL STANDARD BOOK NUMBER
International Standard Book Number 9781847692948
050 ## - LIBRARY OF CONGRESS CALL NUMBER
Classification number GN 346 Blo
100 ## - MAIN ENTRY--PERSONAL NAME
Personal name Blommaert, Jan
245 11 - TITLE STATEMENT
Title Ethnographic fieldwork : a beginner's guide
Statement of responsibility, etc. By Jan Blommaert and Dong Jie
260 ## - PUBLICATION, DISTRIBUTION, ETC.
Place of publication, distribution, etc. Buffalo
Name of publisher, distributor, etc. Multilingual Matters
Date of publication, distribution, etc. 2010
300 ## - PHYSICAL DESCRIPTION
Extent v, 92 pages : illustrations
700 ## - ADDED ENTRY--PERSONAL NAME
Personal name Jie, Dong
995 ## -
-- MEDICAL LIBRARY OPEN ACCESS
-- 905294
-- CBU-SCHOOL OF MEDICINE LIBRARY (Ndola)
-- GN 346 Blo
-- 4
-- AVAILABLE
-- Jan 18, 2022
-- 905294
-- Medical Library Open Access Collection
995 ## -
-- MAIN LIBRARY OPEN ACCESS
-- 751387
-- CBU-MAIN LIBRARY (Kitwe)
-- 50.36
-- GN 246 Blo
-- 1
-- AVAILABLE
-- Nov 29, 2021
-- 751387
-- Main Library Open Access Collection
995 ## -
-- MAIN LIBRARY OPEN ACCESS
-- 751388
-- CBU-MAIN LIBRARY (Kitwe)
-- 50.36
-- GN 346 Blo
-- 2
-- AVAILABLE
-- Nov 29, 2021
-- 751388
-- Main Library Open Access Collection
995 ## -
-- MAIN LIBRARY OPEN ACCESS
-- 751389
-- CBU-MAIN LIBRARY (Kitwe)
-- 50.36
-- GN 346 Blo
-- 3
-- AVAILABLE
-- Nov 29, 2021
-- 751389
-- Main Library Open Access Collection
995 ## -
-- MEDICAL LIBRARY OPEN ACCESS
-- 905295
-- CBU-SCHOOL OF MEDICINE LIBRARY (Ndola)
-- GN 346 Blo
-- 5
-- AVAILABLE
-- Jan 18, 2022
-- 905295
-- Medical Library Open Access Collection
999 ## -
-- 62876
-- 62876
Holdings
Withdrawn status Lost status Source of classification or shelving scheme Damaged status Not for loan Permanent Location Current Location Shelving location Date acquired Total Checkouts Full call number Barcode Date last seen Price effective from Koha item type
          CBU-MAIN LIBRARY, KITWE. CBU-MAIN LIBRARY, KITWE.   12/16/2022   GN 346 Blo 751387 12/16/2022 12/16/2022 MONOGRAPH
          CBU-MAIN LIBRARY, KITWE. CBU-MAIN LIBRARY, KITWE.   12/16/2022   GN 346 Blo 751388 12/16/2022 12/16/2022 MONOGRAPH
          CBU-MAIN LIBRARY, KITWE. CBU-MAIN LIBRARY, KITWE.   12/16/2022   GN 346 Blo 751389 12/16/2022 12/16/2022 MONOGRAPH
          CBU-SCHOOL OF MEDICINE LIBRARY, NDOLA. CBU-SCHOOL OF MEDICINE LIBRARY, NDOLA.   12/16/2022   GN 346 Blo 905294 12/16/2022 12/16/2022 MONOGRAPH
          CBU-SCHOOL OF MEDICINE LIBRARY, NDOLA. CBU-SCHOOL OF MEDICINE LIBRARY, NDOLA.   12/16/2022   GN 346 Blo 905295 12/16/2022 12/16/2022 MONOGRAPH